000 00474nam a2200169Ia 4500
008 231221s9999 xx 000 0 und d
041 _aEnglish
082 _a001.6404 GAO
100 _aGaonkar, Ramesh S
245 0 _aMicroprocessor architecture, programming and applications with 8085/8080A
250 _a5th ed.
260 _c1989
_bPenram,
_aIndia
300 _ax+820
300 _cFP352
650 _aMicroprocessor,architecture,,programming,8085
942 _cBC
999 _c201970
_d201970